Elementi del Blocco s - Statistics

Statistiche generali
  • Questo quiz è stato fatto 21 volte
  • Il punteggio medio è 13 su 14
Statistiche sulle risposte
Z SImbolo Elemento % Corretto
4 Be Berillio
100%
20 Ca Calcio
100%
2 He Elio
100%
1 H Idrogeno
100%
3 Li Litio
100%
12 Mg Magnesio
100%
19 K Potassio
100%
11 Na Sodio
100%
56 Ba Bario
94%
55 Cs Cesio
88%
87 Fr Francio
82%
88 Ra Radio
82%
38 Sr Stronzio
82%
37 Rb Rubidio
76%
Nessun quiz corrispondente trovato
Distribuzione punteggi
Percentuale di utenti per punteggio
Percentile per numero di risposta
I tuoi punteggi nel tempo
Non hai fatto questo quiz